000 00455nam a2200133Ia 4500
008 151021s9999 xx 000 0 und d
020 _a9966003150
050 _aBR 121.3 .A34 2011
245 _a_Preachers of a different Gospel A pilgrim's reflections on contemporary trends in christianity Femi Bitrus Adele
260 _aNairobi Hippobooks 2011
300 _aviii,148p.
650 _a_trends in christianity
980 _a^d20130524 05:38:02^okorir
999 _c13119
_d13119